000 00205nam a2200085Ia 4500
008 170524s9999 xx 000 0 und d
100 _aChick
245 0 _aInternational Financial Management
260 _bNew Delhi : PHI
260 _c2003
999 _c6293
_d6293